00870nac a22002531u 4500010001600000020001500016082001600031090001500047100003400062245006900096260005300165300003400218440001800252500002000270500002700290504003000317511002800347650002600375650002500401650005300426942001800479999001500497952010400512 a 89005676 a044223499600a624.28bHAR c7084d7084 aHare, Clive H., 10aPainting of steel bridges and other structures /cClive H. Hare. aNew York :bVan Nostrand Reinhold,c1990.cc1990. axiv, 303 p. :bill. ;c26 cm. 0aBridge series aIncludes index. aDistributer: Al-Ahram. aBibliography: p. 275-293. aCatalogued By: Mahitab. 0aPainting, Structural. 0aProtective coatings. 0aBridges, Iron and steelxMaintenance and repair. cBBk624.28HAR c7084d7084 00104070aMAINbMAINc1STd2016-12-07ePurchasel0o624.28HARp000008750r2025-07-15 00:00:00yBB